Регионална библиотека "Любен Каравелов" - Русе

Успешната интелигентност (Запис номер 99140)

MARC детайли
000 -Лидер
Контролно поле с фиксирана дължина 02265nam a2200409 c 4500
003 - Код на организацията, давaща контролен номер
Контролно поле BLK
005 - Дата и час на последна редакция
Контролно поле 20220608134521.0
008 - Елементи от данни с фиксирана дължина
fixed length control field 180409b bul|||||r ||||||| ||bul||
010 ## - Наследен системен номер
LC control number KNG00104136000
020 ## - Международен стандартен номер на книга ISBN
Международен стандартен номер на книга ISBN 954-02-0253-1
-- издат.: Наука и изкуство
040 ## - Източник на каталожния запис
Идентификатор на билиотеката - собственик на записа BLK
041 ## - Код за език
Код за езика на текст/звукозапис или на отделно заглавие Български
Код за езика КДБФ Български
080 ## - УДК
Текстов определител УДК Мислене. Представа - Абстракция. Подбор. Сравнение. Размисъл. Преценка. Мнение. Умозаключение. Индукция. Дедукция. Евристика. Мислене и говорене. Рефлексия (психол.)
УДК код - определител по УДК 159.955
УДК определител
УДК - код + определител 159.955
080 ## - УДК
Текстов определител УДК Тест. Изследване. Психологически експеримент. Измервания.
УДК код - определител по УДК 159.9.072
УДК определител
УДК - код + определител 159.9.072
080 ## - УДК
Текстов определител УДК Психотехника. Приложна психология. Психотестове. Консултативна психология
УДК код - определител по УДК 159.98
УДК определител
УДК - код + определител 159.98
100 1# - Редна дума - Автор
Автор Стърнбърг, Робърт Дж.
Авторска отговорност първи автор
R(LIN) 126623
139 ## - Редно поле
Редна дума Стърнбърг, Робърт Дж.
Авторски знак Сту - С 88
245 10 - Сведения за заглавието
Заглавие Успешната интелигентност
Подзаглавни данни Как практ. и творческата интелигентност определят успеха в живота
Редно поле (дума) Робърт Дж. Стърнбърг; прев. от англ. Людмила Андреева.
257 ## - Страна на издаване
Страна на създаване/издаване Съединени американски щати
260 ## - Област на издателските данни
-- София
Име на издателя, разпространителя и проч. Наука и изкуство
Година на издаване 2002
Печатница София : Атика-Ангел Ангелов
300 ## - Физическа характеристика
Страници 276 с.
Размери/Мащаб 20 см
380 ## - Жанр
Жанр Философия
490 1# - СЕРИИ (Колекции)
Име на серия Съвременна чуждестранна психология
650 #4 - Допълнително описание по предмет – тема
Основно описание – тема или топоним Интелект - психология
9 (RLIN) 243798
650 #4 - Допълнително описание по предмет – тема
Основно описание – тема или топоним Тестове - за интелигентност
9 (RLIN) 258218
650 #4 - Допълнително описание по предмет – тема
Основно описание – тема или топоним Личност - интелектуални способности
9 (RLIN) 269042
653 ## - Ключова дума – ненормативна
Ключова дума интелигентност
653 ## - Ключова дума – ненормативна
Ключова дума тестове
653 ## - Ключова дума – ненормативна
Ключова дума индивидуална психология
653 ## - Ключова дума – ненормативна
Ключова дума интелект
700 1# - Други автори (авторска отговорност)
Лично име Андреева, Людмила
Автороска отговорност (Описва отношението между автора и произведението) прев. от англ.
9 (RLIN) 370537
852 ## - Местоположение
Форматна сигнатура Цб 213073
856 4# - Електронен адрес и достъп
Електронен формат pdf - файл
Път до файла /url/
856 4# - Електронен адрес и достъп
Електронен формат pdf - файл
Път до файла /url/
942 ## - АРТИКУЛИ
Вид на библиотечния материал Книги
Скрит в OPAC Не
Koha issues (borrowed), all copies 2
944 ## - СЪЗДАВАНЕ И РЕДАКЦИЯ на ЗАПИСА
Създаване/Редакция Създаване
Дата на регистрацията/редакция 01.01.2002
Служител, извършил регистрацията/редакцията Кети_Илиева
944 ## - СЪЗДАВАНЕ И РЕДАКЦИЯ на ЗАПИСА
Създаване/Редакция Редакция
Дата на регистрацията/редакция 20.10.2006
Служител, извършил регистрацията/редакцията
999 ## - СИСТЕМНИ КОНТРОЛНИ НОМЕРА
Koha biblionumber 99140
Koha biblioitemnumber 99140
Наличности
Код за отписване Код за изгубен артикул Код за повреда Коз за рестрикции Код за отдаване Артикулен № Име на библиотеката - собственик Име на библиотеката, в която се намира в момента Статус (Текущо местоположение) Дата на вписване в системата Местоположение - отдел Цена в лева Инвентарен номер Систематично азбучна сигнатура Баркод Номер на екземпляра Цена в евро Служебна бележка Служебен тип на артикула
  Не е изгубен Не е повреден без рестрикции ползва се в читалня 159708 Регионална библиотека "Любен Каравелов" Русе Регионална библиотека "Любен Каравелов" Русе Читалня 2002-11-11 Читалня 8.00 120000673248 Ч 159.9/С 88 120000673248 1 4.09 Дост: Pk Вид: Ф N: 11589 Дата: 05.11.2002 Дата инв: 21.03.2017 Бележки инв: Ч2017 Книги
  Не е изгубен Не е повреден без рестрикции ползва се в читалня 159709 Регионална библиотека "Любен Каравелов" Русе Регионална библиотека "Любен Каравелов" Русе Хранилище 2003-11-26 Хранилище 0.00 120000680378 Цб 213073 120000680378 2 0.00 Дост: Dp Вид: Д N: 46 Дата: 06.11.2002 Книги
Vip Innovations Ltd, Rousse, Bulgaria 2025